Statistics for Seattle SuperSonics NBA Champions

Click here to take the quiz!

General Stats

  • This quiz has been taken 5 times
  • The average score is 4 of 11

Answer Stats

Titles Player % Correct
1Dennis Johnson
100%
1John Johnson
100%
1Gus Williams
80%
1Fred Brown
40%
1Jack Sikma
20%
1Wally Walker
20%
1Dennis Awtrey
0%
1Joe Hassett
0%
1Lonnie Shelton
0%
1Paul Silas
0%
1Dick Snyder
0%

Score Distribution

Percentile by Number Answered

Percent of People with Each Score

Your Score History

You have not taken this quiz